000 00609nam a2200229 a 4500
999 _c7867
_d7867
001 7867
003 BD-JhCC
005 20180219105014.0
008 171017s1982 uk |||| ||a| 00| 0 eng d
020 _a080390830X
020 _a0803908318
035 _a(BD-JhCC)7867
040 _aBD-JhCC
_dBD-JhCC
041 _aeng
082 _a301.01
_bQUI 1982
100 _aQuinney, Richard
245 _aSocial Existence : Metaphysics, Marxism and the Social Science /
_cRichard Quinney
260 _aLondon:
_bSage Publications,
_c1982
300 _a192 p. :
_c22 cm.
650 _aMetaphysics
942 _2ddc
_cBK